| 000 | 00953nam a2200277Ia 4500 | ||
|---|---|---|---|
| 001 | dia_1803 | ||
| 003 | CHAP | ||
| 005 | 20251021145532.0 | ||
| 008 | 220117s1963 xx 000 0 und d | ||
| 010 | _a172341 | ||
| 040 | _cCHAP | ||
| 082 | _a631.4 M66 1963 | ||
| 100 |
_aMontoya Hernández, Felipe _977990 |
||
| 245 |
_aEstudio preliminar de cultivos asociados en las zonas vainilleras de Veracruz y Puebla, cacaotera de Chiapas y Tabasco para su rehabilitación económica / _c Felipe Montoya Hernández |
||
| 260 |
_aMéxico : _b Secretaría de Agrícultura y Ganadería, _c1963 |
||
| 300 | _a48 h. | ||
| 590 | _aSB307.V2 M66 1963 | ||
| 650 |
_aCacao _xChiapas _916930 |
||
| 650 |
_aCacao _xTabasco _916973 |
||
| 650 |
_aVainilla _xPuebla _9151595 |
||
| 650 |
_aVainilla _xVeracruz _9151596 |
||
| 901 | _a631.4 M66 1963 | ||
| 902 | _aM | ||
| 905 | _a5232271963 Mx nb 8225123322spa15 | ||
| 942 |
_cLIBRO _2ddc |
||
| 999 |
_c172341 _d172341 |
||